000 01356cam a22003374a 4500
999 _c50553
_d50553
001 12013427
005 20200220125035.0
008 000519s2001 enka b 001 0 eng
010 _a 00041414
020 _a0521662788 (hardback)
020 _a0521664470 (paperback)
040 _aDLC
_cDLC
_dDLC
042 _apcc
050 0 0 _aQL757
_b.P287 2001
080 _a576.8 P-25
082 0 0 _a591.7/857
_221
245 0 0 _aParasitism :
_bthe diversity and ecology of animal parasites /
_cAlbert O. Bush ... [et al.].
264 _aCambridge, UK ;
_bCambridge University Press,
_cc2001.
300 _aix, 566 p. :
_bill., maps ;
_c26 cm.
504 _aIncludes bibliographical references and index.
650 0 _aParasites.
_97245
650 0 _aParasitism.
_97246
653 _a პარაზიტიზმი
700 1 _aBush, Albert O.,
_d1948-
_97247
856 4 1 _3Sample text
_uhttp://www.loc.gov/catdir/samples/cam031/00041414.html
856 4 2 _3Publisher description
_uhttp://www.loc.gov/catdir/description/cam021/00041414.html
856 4 1 _3Table of contents
_uhttp://www.loc.gov/catdir/toc/cam025/00041414.html
906 _a7
_bcbc
_corignew
_d1
_eocip
_f20
_gy-gencatlg
942 _2udc
_cBK
955 _ato ASCD pc22 05-19-00; jb14 05-19-00; jb08 05-24-00; jb02 to Dewey 05-25-00; aa05 05-25-00
_aps16 2001-07-17 bk rec'd, to CIP ver.;